| 000 | 00472cam a2200157ua 4500 | ||
|---|---|---|---|
| 041 |
_aeng _h |
||
| 082 |
_a624.131 _bIND/CL |
||
| 100 | _aIndian StandardsInstitution , . | ||
| 245 | 0 | 0 |
_aClassification and Identification of Soils For General Engineering / _cIndian Standards Institution. _hTextual Documents |
| 250 |
_a1 / _b. |
||
| 260 |
_aNew Delhi : _bIndian Standards Institution , _c1972. |
||
| 300 | _a24 ; . | ||
| 504 | _a | ||
| 942 | _cBK | ||
| 999 |
_c3056 _d3056 |
||